000 00403nam a22001577a 4500
003 PILC
005 20151014154809.0
008 151014b xxu||||| |||| 00| 0 eng d
022 _2080410753x
050 _aPZ 7
_b.T161 1991
100 _aTan Amy.
245 _aThe kitchen god's wife /
_cAmy Tan.
260 _aNew York :
_bIvy Books,
_c1991.
300 _a532 pages ;
_c19 cm.
942 _2lcc
_cBK
_kFOR
999 _c288859
_d288859